[Event "Udaipur Holi Cup 6th"]
[Site "Udaipur"]
[Date "2024.04.02"]
[Round "5"]
[White "Naga, Sai Sarthak Karanam"]
[Black "Anadkat, Kartavya"]
[Result "0-1"]
[WhiteElo "1778"]
[BlackElo "2164"]
[PlyCount "100"]
[EventDate "2024.03.31"]
[EventType "swiss"]
[EventRounds "9"]
[EventCountry "IND"]
[SourceTitle "CB16_2024"]
[SourceDate "2024.04.17"]
[SourceVersion "1"]
[SourceVersionDate "2024.04.17"]
[SourceQuality "1"]

1. d4 g6 2. c4 Bg7 3. Nc3 c5 4. d5 f5 5. g3 d6 6. Bg2 Bxc3+ 7. bxc3 Qa5 8. Qb3 Nf6 9. Bh6 Nbd7 10. Nh3 Nb6 11. Bg7 Rg8 12. Bxf6 exf6 13. Nf4 Qa4 14. Ne6 Rb8 15. Nc7+ Ke7 16. Nb5 Qxc4 17. Nxa7 Bd7 18. 0-0 Qa6 19. Nb5 Bxb5 20. Rfb1 Na4 21. Qxb5 Nxc3 22. Qb3 Nxb1 23. Qe3+ Kd8 24. Qe6 Re8 25. Qxf6+ Kd7 26. Rxb1 Qxe2 27. Bf1 Qe5 28. Qh4 Re7 29. Qa4+ Kc8 30. Bc4 Qh8 31. Ba6 Qd8 32. Bxb7+ Rexb7 33. Qc6+ Rc7 34. Qa6+ Kd7 35. Re1 Qf8 36. Qa4+ Kd8 37. Re6 c4 38. Qa6 Kd7 39. Qa4+ Kd8 40. Qa6 c3 41. Rxd6+ Rd7 42. Qa5+ Ke8 43. Re6+ Kf7 44. Qxc3 Kg8 45. Rf6 Qb4 46. Qe5 Qb1+ 47. Kg2 Qe4+ 48. Qxe4 fxe4 49. Re6 Rb2 50. Rxe4 Rf7 0-1

[Event "Chennai op 14th"]
[Site "Chennai"]
[Date "2024.01.01"]
[Round "2"]
[White "Podolchenko, Evgeniy"]
[Black "Naga, Sai Sarthak Karanam"]
[Result "1-0"]
[WhiteElo "2376"]
[BlackElo "1646"]
[PlyCount "75"]
[EventDate "2023.12.31"]
[EventType "swiss"]
[EventRounds "10"]
[EventCountry "IND"]
[SourceTitle "CB02_2024"]
[SourceDate "2024.01.10"]
[SourceVersion "1"]
[SourceVersionDate "2024.01.10"]
[SourceQuality "1"]

1. d4 d5 2. c4 c6 3. Nc3 e6 4. e3 Nf6 5. Nf3 Nbd7 6. Qc2 b6 7. b3 Bb7 8. Bb2 Be7 9. Bd3 Rc8 10. 0-0 0-0 11. Rfe1 Qc7 12. e4 dxe4 13. Nxe4 h6 14. c5 Nxe4 15. Rxe4 Nf6 16. Ree1 bxc5 17. dxc5 Qa5 18. b4 Qc7 19. Be5 Qd7 20. Rad1 Nd5 21. Re4 f6 22. Rg4 Kh8 23. Nh4 g5 24. Ng6+ Kg8 25. Nxf8 Bxf8 26. Bb2 f5 27. Rg3 Nxb4 28. Qc3 Nd5 29. Qh8+ Kf7 30. Bxf5 exf5 31. Re1 Ne7 32. Rge3 f4 33. Qh7+ Ke8 34. Qg6+ Kd8 35. Qf7 fxe3 36. Qxf8+ Qe8 37. Rd1+ Nd5 38. Bf6+ 1-0

[Event "Madurai Athens of the East op-C U1700"]
[Site "Madurai"]
[Date "2023.12.24"]
[Round "1"]
[White "Naga, Sai Sarthak Karanam"]
[Black "Yuvan, Raj A"]
[Result "1-0"]
[WhiteElo "1646"]
[BlackElo "1170"]
[PlyCount "61"]
[EventDate "2023.12.24"]
[EventType "swiss"]
[EventRounds "9"]
[EventCountry "IND"]
[SourceTitle "CB06_2024"]
[SourceDate "2024.02.07"]
[SourceVersion "1"]
[SourceVersionDate "2024.02.07"]
[SourceQuality "1"]

1. d4 Nf6 2. c4 g6 3. Nc3 Bg7 4. e4 d6 5. h3 0-0 6. Be3 e5 7. d5 Nbd7 8. g4 Ne8 9. Qd2 Nb6 10. b3 f5 11. gxf5 gxf5 12. exf5 Bxf5 13. Nge2 Qd7 14. Ng3 c6 15. Bg2 Rd8 16. Nxf5 Rxf5 17. h4 Rf8 18. Bh3 Qe7 19. 0-0-0 Nc7 20. Bg5 Bf6 21. Bh6 Bg7 22. Rhg1 Ne8 23. dxc6 bxc6 24. c5 Na8 25. Bg5 Nf6 26. cxd6 Qf7 27. Bh6 Nh5 28. Bg4 Nf4 29. Bxg7 Qxg7 30. Be2 Ng6 31. h5 1-0

[Event "Bhubaneswar op-A 14th"]
[Site "Bhubaneswar"]
[Date "2023.06.15"]
[Round "7"]
[White "Smaraki, Mohanty"]
[Black "Naga, Sai Sarthak Karanam"]
[Result "0-1"]
[WhiteElo "1699"]
[BlackElo "1555"]
[PlyCount "56"]
[EventDate "2023.06.11"]
[EventType "swiss"]
[EventRounds "10"]
[EventCountry "IND"]
[SourceTitle "CBM 214 Extra"]
[Source "ChessBase"]
[SourceDate "2023.07.31"]
[SourceVersion "1"]
[SourceVersionDate "2023.07.31"]
[SourceQuality "1"]

1. e4 e6 2. d4 d5 3. Nc3 dxe4 4. Nxe4 Nd7 5. Nf3 Ngf6 6. Ng3 c5 7. Be2 Be7 8. 0-0 0-0 9. c4 b6 10. Qc2 Qc7 11. b3 Bb7 12. Bb2 Rac8 13. Rfd1 Rfd8 14. Rac1 cxd4 15. Nxd4 Nc5 16. Bf3 Bxf3 17. Nxf3 Rxd1+ 18. Rxd1 Rd8 19. Nd4 Qb7 20. f3 Qd7 21. Re1 Na6 22. Kf1 Bc5 23. Nge2 Nb4 24. Qb1 Qc7 25. g3 Qb7 26. Kg2 e5 27. Nf5 Rd3 28. Ng1 Qd7 0-1

[Event "IND-ch U13 35th"]
[Site "Puducherry"]
[Date "2022.12.17"]
[Round "10"]
[White "Naga, Sai Sarthak Karanam"]
[Black "Raghav, V."]
[Result "0-1"]
[WhiteElo "1517"]
[BlackElo "1668"]
[PlyCount "118"]
[EventDate "2022.12.11"]
[EventType "swiss"]
[EventRounds "11"]
[EventCountry "IND"]
[SourceTitle "EXT 2024"]
[Source "ChessBase"]
[SourceDate "2023.10.10"]
[SourceVersion "1"]
[SourceVersionDate "2023.10.10"]
[SourceQuality "1"]

1. d4 Nf6 2. c4 c5 3. d5 b5 4. cxb5 a6 5. Nc3 axb5 6. e4 b4 7. Nb5 d6 8. a4 g6 9. Bd3 Bg7 10. Ne2 Nbd7 11. 0-0 0-0 12. Ng3 Qb6 13. Kh1 Ba6 14. Be3 Ne5 15. Be2 h5 16. f4 Neg4 17. Bg1 h4 18. Bxg4 Bxb5 19. axb5 Rxa1 20. Qxa1 Nxg4 21. Ne2 Qxb5 22. Re1 Qd3 23. Nc1 Qd2 24. Re2 Qxf4 25. Nd3 Qg5 26. h3 Ne5 27. Be3 Qg3 28. Ne1 Nc4 29. Bf2 Qb3 30. Bxh4 Bxb2 31. Qb1 Ra8 32. e5 dxe5 33. Bxe7 f5 34. Qd3 Qxd3 35. Nxd3 Bd4 36. Bxc5 e4 37. Bxd4 exd3 38. Re1 d2 39. Rd1 Rd8 40. Bc5 b3 41. d6 b2 42. Kg1 Rb8 43. d7 b1Q 44. d8Q+ Rxd8 45. Rxb1 d1R+ 46. Rxd1 Rxd1+ 47. Kf2 Kf7 48. Kf3 Rd5 49. Bb4 Ne5+ 50. Ke2 Ke6 51. Bc3 f4 52. h4 Kf5 53. Kf2 Ng4+ 54. Ke2 Ke4 55. Be1 Rc5 56. h5 gxh5 57. g3 f3+ 58. Kf1 Rc1 59. Kg1 Rxe1# 0-1

[Event "IND-ch U13 35th"]
[Site "Puducherry"]
[Date "2022.12.15"]
[Round "7"]
[White "Dhruva, Thota"]
[Black "Naga, Sai Sarthak Karanam"]
[Result "1-0"]
[WhiteElo "1729"]
[BlackElo "1517"]
[PlyCount "79"]
[EventDate "2022.12.11"]
[EventType "swiss"]
[EventRounds "11"]
[EventCountry "IND"]
[SourceTitle "EXT 2024"]
[Source "ChessBase"]
[SourceDate "2023.10.10"]
[SourceVersion "1"]
[SourceVersionDate "2023.10.10"]
[SourceQuality "1"]

1. e4 e6 2. d4 d5 3. e5 c5 4. c3 Qb6 5. Nf3 Nc6 6. a3 cxd4 7. cxd4 Nh6 8. b4 Nf5 9. Bb2 Bd7 10. g4 Nh6 11. Rg1 Rc8 12. Bd3 Ne7 13. Nc3 Ng6 14. Na4 Qd8 15. Nc5 Bxc5 16. dxc5 Nf4 17. Bc2 Bb5 18. Nd4 Bc4 19. Qf3 Qg5 20. Nb5 Bxb5 21. h4 Be2 22. hxg5 Bxf3 23. gxh6 gxh6 24. Rg3 Be4 25. Ba4+ Ke7 26. Kd2 h5 27. f3 Bg6 28. Ke3 Nd3 29. Bd4 hxg4 30. Bb5 Nxe5 31. Bxe5 f6 32. Bd6+ Kf7 33. fxg4 h5 34. gxh5 Rxh5 35. Rag1 Rg8 36. Rxg6 Rxg6 37. Rxg6 Kxg6 38. Be8+ Kg5 39. Bxh5 Kxh5 40. b5 1-0